| 000 | 00563nam a2200193 i 4500 | ||
|---|---|---|---|
| 001 | 63234 | ||
| 003 | ES-MaACL | ||
| 005 | 20231114062532.0 | ||
| 007 | t| | ||
| 008 | 031204s1958 sp ||||1| spa d | ||
| 100 | 1 |
_aFernández Santos, Jesús. _950079 |
|
| 245 | 1 | 0 |
_aCabeza rapada _b: [relatos] / _cJesús Fernández Santos. |
| 260 |
_aBarcelona : _bSeix Barral, _c1958. |
||
| 300 |
_a224 p. ; _c18 cm. |
||
| 490 | 1 | _aBiblioteca breve | |
| 830 | 0 |
_aBiblioteca breve (Seix Barral) _9227188 |
|
| 852 |
_aES-MaACL _jC-16343 _bR.43781 |
||
| 999 |
_c63234 _d63234 |
||